000 00430nam a2200157Ia 4500
005 20250613011057.0
008 240331s9999 xx 000 0 und d
020 _a9559052888
082 _bWAT
_a306
100 _aKantha Paryeshana kendraya
245 0 _aWathman gatalu ha lankiya kanthawa
260 _aColombo
_bWomen's Research Centre
_c2000
300 _a83 p .,
500 _aCurrent Issue and Sri Lankan Women
942 _cL
999 _c2135
_d2135